<?xml version="1.0" encoding="UTF-8"?>
<record
    xmlns:xsi="http://www.w3.org/2001/XMLSchema-instance"
    xsi:schemaLocation="http://www.loc.gov/MARC21/slim http://www.loc.gov/standards/marcxml/schema/MARC21slim.xsd"
    xmlns="http://www.loc.gov/MARC21/slim">

  <leader>03870cam a22005054i 4500</leader>
  <controlfield tag="003">PE-LiUPU</controlfield>
  <controlfield tag="005">20250731173109.0</controlfield>
  <controlfield tag="008">111218s2018    xxu0    rb    001 0 eng d</controlfield>
  <datafield tag="020" ind1=" " ind2=" ">
    <subfield code="a">9780664263928</subfield>
  </datafield>
  <datafield tag="035" ind1=" " ind2=" ">
    <subfield code="a">(Sirsi) a251022</subfield>
  </datafield>
  <datafield tag="040" ind1=" " ind2=" ">
    <subfield code="a">PE-LiUPU</subfield>
    <subfield code="b">spa</subfield>
    <subfield code="c">PE-LiUPU</subfield>
    <subfield code="e">rda</subfield>
  </datafield>
  <datafield tag="049" ind1=" " ind2=" ">
    <subfield code="a">PRUA</subfield>
  </datafield>
  <datafield tag="082" ind1="0" ind2="4">
    <subfield code="a">253.09173</subfield>
    <subfield code="b">U7</subfield>
    <subfield code="2">23</subfield>
  </datafield>
  <datafield tag="245" ind1="0" ind2="0">
    <subfield code="a">Urban ministry reconsidered :</subfield>
    <subfield code="b">contexts and approaches /</subfield>
    <subfield code="c">editores R. Drew Smith, Stephanie C. Boddie, and Ronald E. Peters.</subfield>
  </datafield>
  <datafield tag="250" ind1=" " ind2=" ">
    <subfield code="a">First edition.</subfield>
  </datafield>
  <datafield tag="264" ind1=" " ind2="1">
    <subfield code="a">Louisville :</subfield>
    <subfield code="b">Westminster John Knox Press,</subfield>
    <subfield code="c">2018.</subfield>
  </datafield>
  <datafield tag="300" ind1=" " ind2=" ">
    <subfield code="a">viii, 302 p&#xE1;ginas ;</subfield>
    <subfield code="c">23 cent&#xED;metros</subfield>
  </datafield>
  <datafield tag="336" ind1=" " ind2=" ">
    <subfield code="a">text</subfield>
    <subfield code="2">rdacontent</subfield>
  </datafield>
  <datafield tag="337" ind1=" " ind2=" ">
    <subfield code="a">unmediated</subfield>
    <subfield code="2">rdamedia</subfield>
  </datafield>
  <datafield tag="338" ind1=" " ind2=" ">
    <subfield code="a">volume</subfield>
    <subfield code="2">rdacarrier</subfield>
  </datafield>
  <datafield tag="504" ind1=" " ind2=" ">
    <subfield code="a">&#xCD;ndice : p&#xE1;ginas 277-302.</subfield>
  </datafield>
  <datafield tag="505" ind1="0" ind2=" ">
    <subfield code="a">Urban conceptual worldviews -- Urban conceptualizing in historical perspective -- The new urbanism and its challenge to the church -- The city's grace -- Toward a missiological turn in urban ministry -- Urban ministry as the new frontier? -- Urban ministry as incarnational -- Religion and race in urban spaces across Africa and the diaspora -- Wholeness and human flourishing as guideposts for urban ministry -- Urban community formation Low-income residents and religious in-betweenness in the United States of America and South Africa -- Racial equity and faith-based organizing at Community Renewal Society -- Ferguson lessons about church solidarity with communities of struggle -- Listening, undergirding, and cross-sector community building -- Internal dimensions of church connectedness to community -- Prison ministry with women and girls of African descent  Angelique Walker-Smith -- Christian community responses to African immigrants in the United States -- Theological professionals, the community, and overcoming the disconnection -- Theological pedagogies and urban change-making in an African city -- Urban social policy -- Church pursuits of economic justice, public health, and racial equity -- The Accra Confession and theological reflections on urban economic justice -- School voucher programs and Black clergy responses in two cities -- Creating an oasis food ecosystem in a post-"faith-based initiatives" environment -- One congregation's ministry to immigrants -- Gun violence and African American churches -- Theological listening and learning in an HIV/AIDS world  -- Public leadership and African churches in the United Kingdom -- Urban ministry adaptations -- Neighborhood and congregational renewal through community organizing and development -- Discernment, attentiveness, and church planting in urban communities -- Ministry, diversity, and community on an urban university campus -- Prison ministries, voluntarism, and relational culture -- Martin Luther King Jr.'s speeches and the urban -digital context -- Approaches to ministry in an African prophetic church in France -- Ministry to Ugandan youth affected by war and conflict.</subfield>
  </datafield>
  <datafield tag="526" ind1=" " ind2=" ">
    <subfield code="a">SEG42</subfield>
  </datafield>
  <datafield tag="526" ind1=" " ind2=" ">
    <subfield code="a">SEG41</subfield>
  </datafield>
  <datafield tag="526" ind1=" " ind2=" ">
    <subfield code="a">SEG40</subfield>
  </datafield>
  <datafield tag="526" ind1=" " ind2=" ">
    <subfield code="a">SEG39</subfield>
  </datafield>
  <datafield tag="526" ind1=" " ind2=" ">
    <subfield code="a">P94</subfield>
  </datafield>
  <datafield tag="526" ind1=" " ind2=" ">
    <subfield code="a">P87</subfield>
  </datafield>
  <datafield tag="526" ind1=" " ind2=" ">
    <subfield code="a">P86</subfield>
  </datafield>
  <datafield tag="526" ind1=" " ind2=" ">
    <subfield code="a">P85</subfield>
  </datafield>
  <datafield tag="526" ind1=" " ind2=" ">
    <subfield code="a">P77</subfield>
  </datafield>
  <datafield tag="526" ind1=" " ind2=" ">
    <subfield code="a">P76</subfield>
  </datafield>
  <datafield tag="526" ind1=" " ind2=" ">
    <subfield code="a">P35</subfield>
  </datafield>
  <datafield tag="650" ind1="0" ind2="7">
    <subfield code="a">Ciudades y pueblos</subfield>
    <subfield code="x">Aspectos religiosos</subfield>
    <subfield code="x">cristianismo</subfield>
    <subfield code="2">fast</subfield>
    <subfield code="0">(OCoLC).</subfield>
  </datafield>
  <datafield tag="650" ind1="0" ind2="7">
    <subfield code="a">Iglesias de la ciudad</subfield>
    <subfield code="2">fast</subfield>
    <subfield code="0">(OCoLC)fst00862116.</subfield>
  </datafield>
  <datafield tag="700" ind1="1" ind2=" ">
    <subfield code="a">Smith, R. Drew,</subfield>
    <subfield code="e">editor.</subfield>
  </datafield>
  <datafield tag="700" ind1="1" ind2=" ">
    <subfield code="a">Boddie, Stephanie C.,</subfield>
    <subfield code="e">editor.</subfield>
  </datafield>
  <datafield tag="700" ind1="1" ind2=" ">
    <subfield code="a">Peters, Ronald Edward,</subfield>
    <subfield code="e">editor.</subfield>
  </datafield>
  <datafield tag="910" ind1=" " ind2=" ">
    <subfield code="a">dbm</subfield>
    <subfield code="b">ksl</subfield>
    <subfield code="c">ksl</subfield>
    <subfield code="d">20181211</subfield>
  </datafield>
  <datafield tag="942" ind1=" " ind2=" ">
    <subfield code="2">ddc</subfield>
    <subfield code="c">BOOK</subfield>
  </datafield>
  <datafield tag="994" ind1=" " ind2=" ">
    <subfield code="a">C0</subfield>
    <subfield code="b">PEPRU</subfield>
  </datafield>
  <datafield tag="596" ind1=" " ind2=" ">
    <subfield code="a">1</subfield>
  </datafield>
  <datafield tag="999" ind1=" " ind2=" ">
    <subfield code="a">253.09173 U7</subfield>
    <subfield code="w">DEWEY</subfield>
    <subfield code="c">30477</subfield>
    <subfield code="i">79580</subfield>
    <subfield code="f">2021-11-10</subfield>
    <subfield code="g">4</subfield>
    <subfield code="l">CCODEBUL1</subfield>
    <subfield code="m">BUL</subfield>
    <subfield code="p">20.00</subfield>
    <subfield code="r">0</subfield>
    <subfield code="s">Y</subfield>
    <subfield code="t">BOOK</subfield>
    <subfield code="u">2018-12-11</subfield>
    <subfield code="x">TEOLOGIA</subfield>
    <subfield code="P">P85</subfield>
    <subfield code="0">DONACION</subfield>
    <subfield code="1">FCOMPR2</subfield>
    <subfield code="o">.STAFF. Colecci&#xF3;n Teolog&#xED;a</subfield>
    <subfield code="d">30477</subfield>
  </datafield>
  <datafield tag="980" ind1=" " ind2=" ">
    <subfield code="8">1</subfield>
    <subfield code="g">ALBERTO SANCHEZ Responsable de Automatizaci&#xF3;n</subfield>
  </datafield>
  <datafield tag="952" ind1=" " ind2=" ">
    <subfield code="r">2025-12-03 00:00:00</subfield>
    <subfield code="i">5</subfield>
    <subfield code="l">0</subfield>
    <subfield code="o">253.09173 U7</subfield>
    <subfield code="p">79580</subfield>
    <subfield code="t">e1</subfield>
    <subfield code="v">25.00</subfield>
    <subfield code="w">2018-12-11</subfield>
    <subfield code="x">PG</subfield>
    <subfield code="y">BK</subfield>
    <subfield code="z">inventario-2023-12-13</subfield>
    <subfield code="1">0</subfield>
    <subfield code="2">ddc</subfield>
    <subfield code="5">0</subfield>
    <subfield code="7">0</subfield>
    <subfield code="8">GEN</subfield>
    <subfield code="f">P85</subfield>
    <subfield code="a">BUL</subfield>
    <subfield code="b">BUL</subfield>
    <subfield code="c">GEN</subfield>
    <subfield code="d">2018-12-11</subfield>
    <subfield code="e">DONACION</subfield>
    <subfield code="g">20.00</subfield>
  </datafield>
</record>
